Feasibility Study to Install Fire Fighting Equipment Mi- 171 Helicopter (Record no. 327446)

000 -LEADER
fixed length control field 00386 a2200133 4500
001 - CONTROL NUMBER
control field 92373
082 ## - DEWEY DECIMAL CLASSIFICATION NUMBER
Classification number PR 2572
090 ## - LOCALLY ASSIGNED LC-TYPE CALL NUMBER (OCLC); LOCAL CALL NUMBER (RLIN)
-- 44342
-- 44343
100 ## - MAIN ENTRY--PERSONAL NAME
Personal name Sohail Shahid; Prof Babar Saeed (Advisor)
245 ## - TITLE STATEMENT
Title Feasibility Study to Install Fire Fighting Equipment Mi- 171 Helicopter
Number of part/section of a work 79 "A" EC
260 ## - PUBLICATION, DISTRIBUTION, ETC.
Place of publication, distribution, etc. Islamabad
Name of publisher, distributor, etc. NUST
Date of publication, distribution, etc. 2015
300 ## - PHYSICAL DESCRIPTION
Extent xiii'66p.
500 ## - GENERAL NOTE
General note BE Project Report
942 ## - ADDED ENTRY ELEMENTS (KOHA)
Institution code [OBSOLETE] CEA NUST
Call number prefix PR 2572
Holdings
Withdrawn status Lost status Damaged status Not for loan Collection code Permanent Location Current Location Date acquired Total Checkouts Full call number Barcode Date last seen Price effective from Koha item type
          College of Aeronautical Engineering (CAE) College of Aeronautical Engineering (CAE) 04/03/2017   PR 2572 CAEPR-2572 04/05/2017 04/05/2017 Book
© 2023 Central Library, National University of Sciences and Technology. All Rights Reserved.